| 000 | 00682nam a22001817a 4500 | ||
|---|---|---|---|
| 008 | 151029b xxu||||| |||| 00| 0 eng d | ||
| 020 | _a978 0443 1010 14 | ||
| 050 | _aRT69.W384 | ||
| 100 | _aWaugh, Anne | ||
| 245 |
_aRoss and Wilson Anatomy and physiology in health and illness . / _cAnne Waugh and Allison Grant |
||
| 250 | _a10th ed. | ||
| 260 |
_aNew York: _bChurchill Livingstone, _c2006 |
||
| 300 | _aix,490p.: | ||
| 500 | _aIncludes bibliographical references and index. | ||
| 505 | _aContents:The Body and its constituents -- Communication -- Intake of raw materials and elimination of waste -- Protection and survival. | ||
| 700 | _aGrant, Allison | ||
| 942 |
_2lcc _cBK |
||
| 999 |
_c5796 _d13296 |
||